000 00726nam a2200205 a 4500
001 000039433
005 20201002031640.0
008 130627s1997 dr 000 0 spa d
040 _aDO-SdBNP
_bspa
_cBNPHU
245 0 0 _aNaturaleza y fundamentos de la andragogía /
_cFélix Admas... [et. al.].
260 _aSantiago, República Dominicana :
_bUniversidad Abierta para Adultos (UAPA),
_c1997.
300 _a140 p. ;
_c22 cm.
490 1 _aCiencias de la Educación
_vno. 3
500 _aIncluye notas al pie de las páginas
700 1 _aDíaz, Sebastián
_965633
700 1 _aDíaz, Jaime
_965634
700 1 _aMoreno, Salvador
_914797
700 1 _aAcosta, Mírian
_965635
830 0 _aCiencias de la Educacion
_n3
_965636
999 _c38923
_d38923